Stragic Management (Record no. 1559)

MARC details
000 -LEADER
fixed length control field 00367nam a22001577a 4500
005 - DATE AND TIME OF LATEST TRANSACTION
control field 20180820145407.0
008 - FIXED-LENGTH DATA ELEMENTS--GENERAL INFORMATION
fixed length control field 160524b xxu||||| |||| 00| 0 eng d
041 ## - LANGUAGE CODE
Language code of text/sound track or separate title eng
082 ## - DEWEY DECIMAL CLASSIFICATION NUMBER
Item number 4623
Classification number 658.4012
100 ## - MAIN ENTRY--AUTHOR NAME
Personal name Bagewadi, Shirish
245 ## - TITLE STATEMENT
Title Stragic Management
260 ## - PUBLICATION, DISTRIBUTION, ETC. (IMPRINT)
Place of publication PUNE
Name of publisher SCDL
Year of publication 2004
300 ## - PHYSICAL DESCRIPTION
Number of Pages 217p,
650 ## - SUBJECT ADDED ENTRY--TOPICAL TERM
Topical Term Management
942 ## - ADDED ENTRY ELEMENTS (KOHA)
Koha item type Books
Holdings
Lost status Damaged status Collection code Home library Current library Shelving location Date acquired Cost, normal purchase price Full call number Accession Number Koha item type
    MANAGEMENT JRU Library JRU Library SHELF-64-M 24/05/2016 495.00 658.4012 4623 Books